A proposal for a graduate humanities computing programme at the faculty of Arts of ELTE University, Budapest

Elmentve itt :
Bibliográfiai részletek
Szerző: Kis Ádám
Testületi szerző: Magyar Számítógépes Nyelvészeti Konferencia (1.) (2003) (Szeged)
Dokumentumtípus: Könyv része
Megjelent: 2003
Sorozat:Magyar Számítógépes Nyelvészeti Konferencia 1
Kulcsszavak:Nyelvészet - számítógép alkalmazása
Online Access:http://acta.bibl.u-szeged.hu/59333
LEADER 00763naa a2200181 i 4500
001 acta59333
005 20260224081030.0
008 190704s2003 hu o 100 eng d
040 |a SZTE Egyetemi Kiadványok Repozitórium  |b hun 
041 |a eng 
100 1 |a Kis Ádám 
245 1 2 |a A proposal for a graduate humanities computing programme at the faculty of Arts of ELTE University, Budapest  |h [elektronikus dokumentum] /  |c  Kis Ádám 
260 |c 2003 
300 |a 324-325 
490 0 |a Magyar Számítógépes Nyelvészeti Konferencia  |v 1 
695 |a Nyelvészet - számítógép alkalmazása 
710 |a Magyar Számítógépes Nyelvészeti Konferencia (1.) (2003) (Szeged) 
856 4 0 |u http://acta.bibl.u-szeged.hu/59333/1/msznykonf_001_324-325.pdf  |z Dokumentum-elérés